000 00632nam a22002057i 4500
999 _c23003
_d23003
003 AR-CdUCM
008 240823b20192019 ag||||| |||| 00| 0 spa d
020 _a987-4975-08-9
040 _aMUNICIPALIDAD PROVINCIAL DEL CUSCO
_cBIBLIOTECA MUNICIPAL DEL CUSCO
082 _a869.2 / P76I
_bP76I
100 _aPomar, Ana.
_950250
245 _aEl Ingrediente secreto /
260 _aBuenos Aires :
_bEditorial Periplo,
_c2019
300 _a144 páginas. :
_c21 cm
650 _aLiteratura Argentina
_984
650 _aNovela
_950252
700 _aKaneshiro, Flor [Ilustrador]
_950253
942 _2ddc
_cLIBROS
945 _apbj
_d2024-08-23